000 00255nam a2200109 a 4500
008 090929s1988|||| d
100 1 _aAndersen,L.E.
245 1 0 _aHon na bosorky
260 _bMladé letá
_aBratislava
_c1988
041 _aslo
044 _axo
_cSK
999 _c211
_d211